| 000 | 00491nam a22001577a 4500 | ||
|---|---|---|---|
| 999 |
_c531629 _d531629 |
||
| 020 | _qHard Cover. | ||
| 082 | _a650 | ||
| 100 | _aShoaib, Adnana | ||
| 245 |
_aModeling the long-term Dynamics of the Fama and French model : _bEvdence from KSE |
||
| 260 |
_aIslamabad : _bNBS - NUST, _c2011. |
||
| 300 |
_a73 p. : ill. ; _c30cm. |
||
| 942 |
_2ddc _cTHE |
||
| 650 |
_aM. Phil. Ph. D Thesis. _924522 |
||
| 700 |
_aDr. Raheel Gohar. _921025 |
||